Introduction to Artificial Intelligence and Machine Learning Sem.- IV ( S.Y.B.Sc. Comp. ) (Record no. 370301)
[ view plain ]
| 000 -LEADER | |
|---|---|
| fixed length control field | 00446nam a22001577a 4500 |
| 005 - DATE AND TIME OF LATEST TRANSACTION | |
| control field | 20260204120133.0 |
| 008 - FIXED-LENGTH DATA ELEMENTS--GENERAL INFORMATION | |
| fixed length control field | 260204b |||||||| |||| 00| 0 eng d |
| 020 ## - INTERNATIONAL STANDARD BOOK NUMBER | |
| International Standard Book Number | 978-93-6993-916-9 |
| 041 ## - LANGUAGE CODE | |
| Language code of text/sound track or separate title | Eng. |
| 100 ## - MAIN ENTRY--PERSONAL NAME | |
| Author | Jabde, M. K. & Patil, C. N. |
| 245 ## - TITLE STATEMENT | |
| Title | Introduction to Artificial Intelligence and Machine Learning Sem.- IV ( S.Y.B.Sc. Comp. ) |
| 250 ## - EDITION STATEMENT | |
| Edition statement | 1st ed. |
| 260 ## - PUBLICATION, DISTRIBUTION, ETC. | |
| Place of publication, distribution, etc. | Pune |
| Name of publisher, distributor, etc. | Nirali |
| 300 ## - PHYSICAL DESCRIPTION | |
| Extent | B.1 |
| 942 ## - ADDED ENTRY ELEMENTS (KOHA) | |
| Koha item type | Books |
| Withdrawn status | Lost status | Source of classification or shelving scheme | Damaged status | Not for loan | Home library | Current library | Date acquired | Vendor | Cost, normal purchase price | Bill number | Total Checkouts | Barcode | Date last seen | Bill Date | Koha item type | Original Barcode |
|---|---|---|---|---|---|---|---|---|---|---|---|---|---|---|---|---|
| Dewey Decimal Classification | Shri Siddhivinayak Mahila Mahavidyalaya | Shri Siddhivinayak Mahila Mahavidyalaya | 04/02/2026 | Nirali | 105.00 | P 75001 | SSMM-BK-32919 | 04/02/2026 | 24/01/2026 | Books | 010032919 | |||||
| Dewey Decimal Classification | Shri Siddhivinayak Mahila Mahavidyalaya | Shri Siddhivinayak Mahila Mahavidyalaya | 04/02/2026 | Nirali | 105.00 | P 75001 | SSMM-BK-32920 | 04/02/2026 | 24/01/2026 | Books | 010032920 | |||||
| Dewey Decimal Classification | Shri Siddhivinayak Mahila Mahavidyalaya | Shri Siddhivinayak Mahila Mahavidyalaya | 04/02/2026 | Nirali | 105.00 | P 75001 | SSMM-BK-32921 | 04/02/2026 | 24/01/2026 | Books | 010032921 | |||||
| Dewey Decimal Classification | Shri Siddhivinayak Mahila Mahavidyalaya | Shri Siddhivinayak Mahila Mahavidyalaya | 04/02/2026 | Nirali | 105.00 | P 75001 | SSMM-BK-32922 | 04/02/2026 | 24/01/2026 | Books | 010032922 | |||||
| Dewey Decimal Classification | Shri Siddhivinayak Mahila Mahavidyalaya | Shri Siddhivinayak Mahila Mahavidyalaya | 04/02/2026 | Nirali | 105.00 | P 75001 | SSMM-BK-32923 | 04/02/2026 | 24/01/2026 | Books | 010032923 |